000 00693nam a2200229Ia 4500
003 GCL
008 140319s9999 xx 000 0 ara d
040 _aGCL /
_cGCL
082 0 4 _a928.1
_bم ر
100 1 _aمحمد حمود
245 1 0 _aابن الرومى :
_bالشاعر المغبون /
_cمحمد حمود
250 _aالاولى
260 _aبيروت :
_bدار الفكر اللبنانى ،
_c1994
300 _a366 ص ؛
_c20 سم
490 _aشعراء العرب
_v0
650 0 4 _aالشعراء العرب
650 0 4 _aالتراجم
650 0 4 _aابن الرومى
650 0 4 _aالشعراء
650 0 4 _aالشعراء - تراجم
942 _2ddc
_cBK
999 _c4776
_d4776